Derecho constitucional: manual teórico y práctico

Gardado en:
Detalles Bibliográficos
Autor Principal: Hörmann Montt, Jorge (Author)
Formato: Libro
Idioma:Lingua castelá
Publicado: Santiago San Vicente 1939
Edición:2a. ed
Subjects:
Tags: Engadir etiqueta
Sen Etiquetas, Sexa o primeiro en etiquetar este rexistro!

MARC

LEADER 00000nam a2200000 a 4500
001 UCL3857
003 CL-VaPUC
008 031212e19390000CL |||||||||||||||||spa|d
082 0 4 |a 342.83  |b HOR  |2 21 
100 |a Hörmann Montt, Jorge  |e author  |9 768729 
245 1 0 |a Derecho constitucional: manual teórico y práctico 
250 |a 2a. ed 
300 |a 235 p 
942 |c BK 
945 |d 20031212 00:00:00  |a cmena 
260 |a Santiago  |b San Vicente  |c 1939 
650 0 |a Derecho constitucional chileno  |9 478271 
650 0 |a Jurisprudencia  |9 255952 
650 7 |a GARANTIAS CONSTITUCIONALES  |2 CL-VaPUC  |9 481288 
583 |a last modification  |c 20031212 00:00:00  |k Rodrigo Vera 
999 |c 306855  |d 306853 
952 |0 0  |1 0  |4 0  |6 342_830000000000000_HOR_1939  |7 0  |8 A  |9 372264  |a BIBDER  |b BIBDER  |d 2019-11-21  |i 3975371  |o 342.83 HOR 1939  |p 3975371  |r 2023-01-25  |w 2019-11-21  |y BK  |k DER